Loading...
| Fine Arts - Classical Music and Opera | 6 | 6.67 | 67% | 0% | 0% |
| Fine Arts - Other Arts | 7 | 11.43 | 86% | 29% | 0% |
| Fine Arts - Painting and Sculpture | 6 | 13.33 | 100% | 33% | 0% |
| Geography | 1 | 10.00 | 100% | 0% | 0% |
| History - American History | 4 | 12.50 | 75% | 50% | 0% |
| History - European History | 6 | 16.67 | 100% | 50% | 17% |
| History - Other History | 5 | 16.00 | 80% | 60% | 20% |
| History - World History | 3 | 20.00 | 100% | 100% | 0% |
| Literature - American Literature | 6 | 8.33 | 67% | 17% | 0% |
| Literature - British Literature | 6 | 6.67 | 67% | 0% | 0% |
| Literature - European Literature | 1 | 10.00 | 100% | 0% | 0% |
| Literature - World Literature | 8 | 7.50 | 63% | 13% | 0% |
| Modern World | 1 | 10.00 | 100% | 0% | 0% |
| Mythology | 2 | 15.00 | 100% | 0% | 50% |
| Other Academic | 2 | 10.00 | 100% | 0% | 0% |
| Other Culture | 3 | 3.33 | 33% | 0% | 0% |
| Other Science (Astronomy) | 1 | 30.00 | 100% | 100% | 100% |
| Other Science (Computer Science) | 2 | 5.00 | 50% | 0% | 0% |
| Other Science (Engineering) | 1 | 20.00 | 100% | 100% | 0% |
| Other Science (Math) | 3 | 10.00 | 67% | 33% | 0% |
| Philosophy | 4 | 10.00 | 100% | 0% | 0% |
| Religion | 6 | 13.33 | 83% | 33% | 17% |
| Science - Biology | 5 | 12.00 | 100% | 20% | 0% |
| Science - Chemistry | 4 | 7.50 | 75% | 0% | 0% |
| Science - Physics | 4 | 5.00 | 50% | 0% | 0% |
| Social Science | 7 | 14.29 | 100% | 43% | 0% |